|
|
|
|
| LEADER |
00796nam a2200205 a 4500 |
| 001 |
280417 |
| 008 |
100125s1966 iau b 000 0 eng d |
| 010 |
|
|
|a 66009328
|
| 040 |
|
|
|a DLC
|c DLC
|d DLC
|d DB-DhAAL
|
| 082 |
0 |
0 |
|a 301
|
| 100 |
1 |
|
|a Engelmann, Hugo O.
|
| 245 |
1 |
0 |
|a Essays in social theory and social organization /
|c Hugo O. Engelmann.
|
| 260 |
|
|
|a Dubuque, Iowa :
|b W. C. Brown Book Co.,
|c 1966
|
| 300 |
|
|
|a vi, 242 p.
|c 23 cm.
|
| 504 |
|
|
|a Includes bibliographies.
|
| 541 |
1 |
|
|e 00000191
|
| 650 |
|
0 |
|a Sociology.
|
| 852 |
4 |
|
|a Ayesha Abed Library
|j General Shelf.
|
| 999 |
|
|
|c 7153
|d 7153
|
| 952 |
|
|
|0 0
|1 0
|2 ddc
|4 0
|6 301_ENG_196600000000000
|7 0
|9 7436
|a BRACUL
|b BRACUL
|c GEN
|d 2010-01-25
|g 0.00
|l 1
|m 3
|o 301 ENG
|p 3010000191
|r 2018-07-13
|s 2018-06-10
|t 1
|w 2010-01-25
|y BK
|z Not price in Register
|x Not price in Register
|